Imputabilidad (Registro nro. 30241)

Detalles MARC
000 -CABECERA
Longitud fija campo de control 00941nam a2200229 a 4500
003 - • IDENTIFICADOR DELl NÚMERO DE CONTROL
Identificador del número de control CO-ViMGA
008 - • CÓDIGOS DE INFORMACIÓN DE LONGITUD FIJA
Códigos de información de longitud fija 141112s2004 ck r 000 u spa d
020 ## - • NÚMERO INTERNACIONAL NORMALIZADO PARA LIBROS
Número Internacional Normalizado para Libros (ISBN) 9583504629
040 ## - FUENTE DE LA CATALOGACIÓN
Centro catalogador de origen CO-ViMGA
Lengua de catalogación spa
Centro transcriptor CO-ViMGA
082 04 - • NÚMERO DE LA CLASIFICACIÓN DECIMAL DEWEY
Número de clasificación (R) 343.2 R393i
100 1# - • PUNTO DE ACCESO PRINCIPAL-NOMBRE DE PERSONA
Nombre de persona Reyes Echandía, Alfonso
245 10 - • TITULO PROPIAMENTE DICHO
Título Imputabilidad
300 ## - • DESCRIPCIÓN FÍSICA
Extensión 235
505 ## - • NOTA DE CONTENIDO CON FORMATO
Nota de contenido con formato Imputación, Imputabilidad y responsabilidad 6 - - El concepto de la semi - imputabilidad 29 - - Los inimputables 42 - - La imputabilidad en la legislación penal colombiana 75 - - Peritación psiquiátrica e inimputabilidad 219
590 ## - NOTAS LOCALES
Nota local Forma de adquisición : Donación fact. 8855 - - Precio : 33000 - - Proveedor : Fundación exito - - Fecha de adquisición : Junio 2007
650 14 - • PUNTO DE ACCESO ADICIONAL DE MATERIA - TÉRMINO DE MATERIA
Término de materia o nombre geográfico como elemento inicial DERECHO PENAL - LEGISLACION - COLOMBIA
650 14 - • PUNTO DE ACCESO ADICIONAL DE MATERIA - TÉRMINO DE MATERIA
Término de materia o nombre geográfico como elemento inicial IMPUTABILIDAD
650 14 - • PUNTO DE ACCESO ADICIONAL DE MATERIA - TÉRMINO DE MATERIA
Término de materia o nombre geográfico como elemento inicial IMPUTABILIDAD
942 ## - ENTRADA DE ELEMENTOS AGREGADOS (KOHA)
Fuente de clasificaión o esquema Dewey Decimal Classification
Koha [por defecto] tipo de item LIbro
Existencias
Perdido Fuente de clasificación o esquema Estado Físico No para préstamo Forma de adquisición Localización permanente Localización actual Fecha adquisición Serie de enumeración / cronolog&íacute;a Préstamos totales Signatura completa Código de barras Fecha última consulta Número de copia Fecha del precio de reemplazo Tipo de item de Koha
  Dewey Decimal Classification     Sala Especializada Tercer Piso Biblioteca Pública Germán Arciniegas - Villavicencio Biblioteca Pública Germán Arciniegas - Villavicencio 12/04/2015 11/jun/2009   343.2 R393i 21677 12/04/2015 Ej. 1 12/04/2015 LIbro









Instituto Departamental de Cultura del Meta - Red Departamental de Bibliotecas Públicas del Meta.